000 00939cam a2200253 a 4500
005 20191224041537.0
008 011022s1988 ck d r 000 0 spa d
020 _a9589080135
040 _aCO-BoPUJ
_cCO-BoIAVH
_dCO-BoIAVH
041 0 _aspa
044 _ack
082 0 4 _a070.4495
_bC76p
110 2 _aConvenio Andrés Bello
245 1 3 _aEl periodista científico toca la puerta del siglo XXI
_cConvenio Andrés Bello ; edición Lisbeth Fog Corradine
260 _aBogotá :
_bCAB,
_c1988.
300 _a334 páginas :
_bgráficas ;
_c23 x 17 cm.
650 2 4 _aPeriodismo científico
_zAmérica Latina
650 2 6 _aInvestigación
_zAmérica Latina
650 2 6 _aTecnologías para la información y la comunicación (TIC)
650 2 6 _aFormación de periodistas
700 1 _aFog Corradine, Lisbeth
_eeditora
710 2 _aFundación Konrad Adenauer Stiftung.
942 _2ddc
_cLIBRO
999 _c651
_d651